| 000 | 00971nam0a2200301 4500 | ||
|---|---|---|---|
| 001 | RU\NLR\BIBL_A\012654384 | ||
| 005 | 20250624103822.0 | ||
| 010 | _91700 | ||
| 035 | _a(NLR Aleph) 012654384 | ||
| 090 |
_a13306273 _c13306273 |
||
| 100 | _a20211130d1965 |||y0rusy50 ca | ||
| 101 | 0 | _akir | |
| 102 | _aKG | ||
| 105 | _ay z 000cy | ||
| 181 | 0 |
_ai _baxxe |
|
| 182 | 0 | _an | |
| 200 | 1 |
_aКоммунист ар иште дайыма алдыда _fС. Ерматов |
|
| 203 |
_aТекст _bвизуальный _cнепосредственный |
||
| 210 |
_aФрунзе _cКыргызстан _d1965 |
||
| 215 |
_a28,[3] c. _d20 |
||
| 225 | 1 | _aЖаш коммунисттин китепканачасы | |
| 541 | 1 |
_aКоммунист во всем и всегда впереди _zrus |
|
| 686 | 1 | _aФ61(2)51 | |
| 700 | 1 |
_aЕрматов _bС. _pСагынбай _4070 |
|
| 852 |
_aNLR _bОНЛ _jКирг./2-4268 |
||
| 942 | _cBOOK | ||
| 980 | _aNB | ||